000
00270nam a2200097Ia 4500
008
231107s2001 xx 000 0 und d
041
_a
eng
100
_a
Smith W.D.
245
_a
McGraw-Hill on site guide to building codes 2000
260
_a
New York
_b
Mcgraw hill New
_c
2001
999
_c
923821
_d
923821